Analýza ukazatelů kvality regulace - aplikace na členské země EU

Hodnota ukazovateľa výšky regulácie je do značnej miery ovplyvnená konkrétnym chápaním obsahu tohto pojmu. Meranie úrovne a kvality regulácie. Porovnanie ukazovateľov regulácie je vykonané na vzorke 25 členských krajín Európskej únie. Kvalita regulácie Svetovej banky. Index ekonomickej slobody člen...

Descrizione completa

Salvato in:
Dettagli Bibliografici
Autore principale: Bachanová, Veronika
Natura: Capitolo di libro
Lingua:ceco
Soggetti:
Tags: Aggiungi Tag
Nessun Tag, puoi essere il primo ad aggiungerne!!

MARC

LEADER 00000naa$a2200000$$$4500
001 0043426
005 20231107114815.3
041 0 |a cze 
044 |a CZ 
245 1 0 |a Analýza ukazatelů kvality regulace - aplikace na členské země EU  |c Veronika Bachanová 
520 |a Hodnota ukazovateľa výšky regulácie je do značnej miery ovplyvnená konkrétnym chápaním obsahu tohto pojmu. Meranie úrovne a kvality regulácie. Porovnanie ukazovateľov regulácie je vykonané na vzorke 25 členských krajín Európskej únie. Kvalita regulácie Svetovej banky. Index ekonomickej slobody členských krajín EÚ v období rokov 1994-2004. 
610 2 0 |a regulácia 
610 2 0 |a ukazovatele 
610 2 0 |a meranie 
610 2 0 |a porovnanie medzinárodné 
610 2 0 |a Európska únia 
610 2 0 |a indexy 
610 2 0 |a 1994-2004 
610 2 0 |a sloboda ekonomická 
610 2 0 |a regulácia štátna 
100 1 |a Bachanová, Veronika